[Event "VIE-chT"]
[Site "Hanoi"]
[Date "2023.04.21"]
[Round "6"]
[White "Nguyen, Xuan Bao Minh"]
[Black "Hoang, Anh Kiet"]
[Result "0-1"]
[WhiteElo "1946"]
[BlackElo "1956"]
[PlyCount "80"]
[EventDate "2023.04.18"]
[EventType "swiss"]
[EventRounds "9"]
[EventCountry "VIE"]
[SourceTitle "EXT 2024"]
[Source "ChessBase"]
[SourceDate "2023.10.10"]
[SourceVersion "1"]
[SourceVersionDate "2023.10.10"]
[SourceQuality "1"]

1. e4 e5 2. Nf3 Nc6 3. Bc4 Bc5 4. d3 d6 5. Bg5 Nge7 6. h3 Be6 7. Bb3 h6 8. Bh4 Qd7 9. Nc3 0-0-0 10. Qd2 Rde8 11. 0-0-0 f5 12. Bxe6 Qxe6 13. Bxe7 Nxe7 14. Kb1 Kb8 15. a3 Ng6 16. exf5 Qxf5 17. Nd5 Qe6 18. Ne3 Nf4 19. g3 Nxh3 20. d4 exd4 21. Ng2 Qd7 22. Rhf1 Rhf8 23. Nfh4 g5 24. f3 gxh4 25. Nxh4 Ng5 26. Qd3 a6 27. Qg6 Re6 28. Qh5 Ref6 29. Rde1 Qf7 30. Qg4 Nxf3 31. Nxf3 Rxf3 32. Rh1 d3 33. cxd3 Rxd3 34. Rxh6 Bxa3 35. bxa3 Qb3+ 36. Ka1 Qc3+ 37. Kb1 Qxe1+ 38. Kc2 Qd2+ 39. Kb1 Rf1+ 40. Qd1 Rxd1# 0-1